000 00490nam a2200145Ia 4500
008 100204s9999 xx 000 0 und d
082 _b18639
100 _aकाळे किशोर शांताबाई
245 _aमी डॉक्टर झालो
260 _b"आपलं प्रकाशन, मुंबई"
_c1995
300 _a120
630 _aमी डॉक्टर झालो
730 _aमी डॉक्टर झालो
942 _cBOOK
999 _c463062
_d463059